|
|
|
|
| LEADER |
00000naa2a2200000 4500 |
| 001 |
603392 |
| 005 |
20260305090932.0 |
| 035 |
|
|
|a (RuTPU)RU\TPU\conf\576
|
| 035 |
|
|
|a RU\TPU\conf\572
|
| 090 |
|
|
|a 603392
|
| 100 |
|
|
|a 20140115d2013 k y0rusy50 ca
|
| 101 |
0 |
|
|a rus
|
| 102 |
|
|
|a RU
|
| 135 |
|
|
|a drcn ---uucaa
|
| 181 |
|
0 |
|a i
|
| 182 |
|
0 |
|a b
|
| 200 |
1 |
|
|a Разработка программной системы восстановления памяти Total Recall
|f А. В. Матвиенко, В. Н. Осин, А. С. Вайцеховский [и др.]
|g науч. рук. Л. И. Ямпольская
|
| 203 |
|
|
|a Текст
|c электронный
|
| 225 |
1 |
|
|a Облачные технологии в практиках программирования
|
| 300 |
|
|
|a Заглавие с титульного листа.
|
| 320 |
|
|
|a [Библиогр.: с. 316 (2 назв.)]
|
| 330 |
|
|
|a Total Recall is a software solution intended to help people who have lost their memory.
|
| 337 |
|
|
|a Adobe Reader
|
| 463 |
|
1 |
|0 (RuTPU)RU\TPU\conf\40
|t Технологии Microsoft в теории и практике программирования
|o сборник трудов X Всероссийской научно-практической конференции студентов, аспирантов и молодых ученых, г.Томск, 19-20 марта 2013 г.
|f Национальный исследовательский Томский политехнический университет (ТПУ), Институт кибернетики ; ред. кол. А. В. Лиепиньш и др.
|v [С. 313-316]
|d 2013
|
| 610 |
1 |
|
|a электронный ресурс
|
| 610 |
1 |
|
|a труды учёных ТПУ
|
| 610 |
1 |
|
|a программные системы
|
| 610 |
1 |
|
|a память
|
| 610 |
1 |
|
|a восстановление
|
| 610 |
1 |
|
|a Total Recall
|
| 610 |
1 |
|
|a WAFT
|
| 610 |
1 |
|
|a приложения
|
| 610 |
1 |
|
|a айтрекинг
|
| 610 |
1 |
|
|a Windows Azure
|
| 610 |
1 |
|
|a нейропсихология
|
| 610 |
1 |
|
|a амнезия
|
| 610 |
1 |
|
|a лечение
|
| 701 |
|
1 |
|a Матвиенко
|b А. В.
|g Алексей Васильевич
|
| 701 |
|
1 |
|a Осин
|b В. Н.
|g Владимир Николаевич
|
| 701 |
|
1 |
|a Вайцеховский
|b А. С.
|g Антон Станиславович
|
| 701 |
|
1 |
|a Грицаев
|b Р. Т.
|g Руслан Талгатович
|
| 701 |
|
1 |
|a Цикунова
|b Р. В.
|
| 702 |
|
1 |
|a Ямпольская
|b Л. И.
|c специалист в области организации высшего профессионального образования
|c начальник отдела Томского политехнического университета, кандидат философских наук
|f 1964-
|g Людмила Ивановна
|4 727
|
| 801 |
|
2 |
|a RU
|b 63413507
|c 20230518
|g RCR
|
| 856 |
4 |
|
|u http://www.lib.tpu.ru/fulltext/c/2013/C28/124.pdf
|
| 942 |
|
|
|c BK
|